NCAA D1 Basketball Teams On A Map - Statistics

General Stats
  • This quiz has been taken 6,392 times
  • The average score is 203 of 357
Answers on the Map
Answers color-coded by a green-red scale on the quiz's map according to % correct below.
 
Answer Stats
Conference College % Correct
Atlantic 10 George Washington
91%
Pac-12 Oregon
90%
Pac-12 Washington
90%
Big 12 Texas
88%
Pac-12 Arizona
87%
Big Sky Idaho
87%
Big Sky Montana
87%
Pac-12 Oregon State
87%
Sun Belt Texas Arlington
87%
Pac-12 Washington State
87%
Big Ten Minnesota
86%
Pac-12 UCLA
86%
Pac-12 Utah
86%
Pac-12 Arizona State
85%
Pac-12 Colorado
85%
Big 12 Kansas
85%
Southeastern Florida
84%
Big Ten Iowa
84%
Big Ten Michigan
84%
Big Sky Montana State
84%
Mountain West Nevada
84%
Mountain West New Mexico
84%
Summit North Dakota
84%
Mountain West UNLV
84%
Pac-12 USC
84%
Southeastern Alabama
83%
Mountain West Boise State
83%
Southeastern Georgia
83%
Atlantic Coast Miami
83%
Mid-American Miami (OH)
83%
Big Ten Michigan State
83%
Big Ten Nebraska
83%
Atlantic Coast North Carolina
83%
Big 12 Oklahoma
83%
Big Ten Wisconsin
83%
Atlantic Coast Florida State
82%
Big West Hawaii
82%
Big 12 Iowa State
82%
Big 12 Kansas State
82%
Southeastern LSU
82%
America East Maine
82%
Mid-American Ohio
82%
Big Ten Ohio State
82%
Big 12 Oklahoma State
82%
Summit South Dakota
82%
Summit South Dakota State
82%
Big 12 Texas Tech
82%
Southeastern Arkansas
81%
Mountain West Colorado State
81%
Big Ten Illinois
81%
Big Ten Indiana
81%
Southeastern Missouri
81%
Western Athletic New Mexico State
81%
Summit North Dakota State
81%
Mountain West San Diego State
81%
Southeastern Tennessee
81%
Mountain West Utah State
81%
Mountain West Wyoming
81%
Big Sky Idaho State
80%
Southeastern Kentucky
80%
Southeastern Mississippi
80%
Big Ten Penn State
80%
Southland Sam Houston
80%
Big West | West Coast San Diego
80%
Southeastern South Carolina
80%
Southeastern Texas A&M
80%
Atlantic Coast Virginia
80%
West Coast BYU
79%
Pac-12 California
79%
Atlantic Coast Duke
79%
American Houston
79%
Southeastern Mississippi State
79%
America East Vermont
79%
Big 12 West Virginia
78%
West Coast Gonzaga
77%
Ivy Harvard
77%
Atlantic Coast North Carolina State
77%
West Coast Portland
77%
Sun Belt UL Lafayette
77%
Conference USA UTEP
77%
Atlantic Coast Georgia Tech
76%
Big Ten Maryland
76%
Southwestern Athletic Southern
76%
Atlantic Coast Syracuse
76%
Big 12 Baylor
75%
Big Ten Northwestern
75%
Pac-12 Stanford
75%
Atlantic Coast Virginia Tech
75%
Southeastern Auburn
74%
Patriot Boston U
74%
America East New Hampshire
74%
Big Ten Purdue
74%
Atlantic 10 UMass
74%
Ivy Yale
74%
Mountain West Air Force
73%
Sun Belt Arkansas State
73%
Atlantic Coast Louisville
73%
Big 12 TCU
73%
Mid-American Buffalo
72%
Atlantic Coast Clemson
72%
Big East Connecticut
72%
Sun Belt Georgia State
72%
Atlantic Coast Notre Dame
72%
Atlantic Coast Pittsburgh
72%
Missouri Valley Indiana State
71%
American Memphis
71%
Big Ten Rutgers
71%
West Coast San Francisco
71%
American UCF
71%
Atlantic Coast Boston College
70%
Atlantic Sun Jacksonville
70%
Ivy Princeton
70%
Western Athletic Seattle
70%
American Tulsa
70%
Southeastern Vanderbilt
70%
Ivy Brown
69%
American Cincinnati
69%
Missouri Valley Missouri State
69%
American South Florida
69%
Conference USA UTSA
69%
Mid-American Eastern Michigan
68%
Atlantic 10 Rhode Island
68%
Sun Belt Texas State
68%
Atlantic Coast Wake Forest
68%
Ivy Columbia
67%
Ivy Dartmouth
67%
Colonial Delaware
67%
Conference USA Florida Atlantic
67%
Patriot Navy
67%
American Tulane
67%
Mid-American Western Michigan
67%
Mid-American Akron
66%
Patriot Army
66%
Ivy Pennsylvania
66%
Mid-American Central Michigan
65%
Ivy Cornell
65%
Summit Denver
65%
Horizon Green Bay
65%
Atlantic 10 Saint Louis
65%
Big East Creighton
64%
Mountain West Fresno State
64%
Big East Georgetown
64%
Missouri Valley Loyola Chicago
64%
West Coast Loyola Marymount
64%
Patriot Loyola (MD)
64%
Big East Marquette
64%
Mountain West San Jose State
64%
Mid-American Toledo
64%
American Wichita state
64%
Southwestern Athletic Alabama State
63%
America East Albany
63%
Big Sky Portland State
63%
Big East Providence
63%
American SMU
63%
Conference USA Western Kentucky
63%
Horizon Detroit
62%
Missouri Valley Illinois State
62%
Horizon Milwaukee
62%
Conference USA North Texas
62%
Conference USA Florida International
61%
Mid-American Northern Illinois
61%
Big East Villanova
61%
Sun Belt Coastal Carolina
60%
Western Athletic Grand Canyon
60%
Conference USA Rice
60%
Mid-Eastern South Carolina State
60%
Big Sky Eastern Washington
59%
Missouri Valley Northern Iowa
59%
Big East St. John's
59%
American Temple
59%
Mid-American Bowling Green
58%
American East Carolina
58%
Sun Belt Georgia Southern
58%
Sun Belt Little Rock
58%
Big Sky Northern Arizona
58%
Conference USA UAB
58%
Big East Xavier
58%
Colonial Charleston
57%
Conference USA Charlotte
57%
Atlantic 10 Dayton
57%
Conference USA Marshall
57%
Conference USA Southern Miss
57%
Ohio Valley Tennessee State
57%
Sun Belt UL Monroe
57%
Big East Butler
56%
Conference USA Louisiana Tech
56%
Atlantic 10 Richmond
56%
Missouri Valley Southern Illinois
56%
Mid-American Ball State
55%
Horizon Cleveland State
55%
Ohio Valley Jacksonville State
55%
Summit Kansas City
55%
Conference USA Middle Tennessee State
55%
Mid-Eastern Delaware State
54%
Colonial James Madison
54%
Horizon Oakland
54%
Sun Belt South Alabama
54%
West Coast St. Mary's
54%
Southwestern Athletic Jackson State
53%
Mid-American Kent State
53%
Big Sky Sacramento State
53%
Big Sky Southern Utah
53%
Southland Stephen F. Austin
53%
Big West UC Irvine
53%
Sun Belt Appalachian State
52%
Ohio Valley Eastern Kentucky
52%
Southland New Orleans
52%
Southern Chattanooga
51%
Big East DePaul
51%
Missouri Valley Drake
51%
Atlantic Sun Liberty
51%
Big West UC Davis
51%
Big West UC Santa Barbara
51%
Atlantic Sun Florida Gulf Coast
50%
America East UMBC
50%
West Coast Pepperdine
49%
Sun Belt Troy
49%
Atlantic 10 VCU
49%
Southwestern Athletic Alabama A&M
48%
Atlantic 10 George Mason
48%
Big Sky Northern Colorado
48%
Summit Oral Roberts
48%
Patriot American
47%
Ohio Valley Eastern Illinois
47%
Mid-Eastern Florida A&M
47%
Summit Western Illinois
47%
Western Athletic Chicago State
46%
Big East Seton Hall
46%
Metro Atlantic Athletic St. Peter's
46%
Patriot Lafayette
45%
Big West Long Beach State
45%
Southern N.C. Greensboro
45%
Colonial Northeastern
45%
Horizon Northern Kentucky
45%
Conference USA Old Dominion
45%
Big West UC Riverside
45%
Big Sky Weber State
45%
Horizon IUPUI
44%
Atlantic 10 St. Joseph's
44%
Ohio Valley Tennessee Tech
44%
Patriot Colgate
43%
Big West CSU Bakersfield
43%
Atlantic 10 Davidson
43%
Atlantic 10 Duquesne
43%
Mid-Eastern Howard
43%
Atlantic Sun North Alabama
43%
Southland TAMU Corpus Christi
43%
Southwestern Athletic Texas Southern
43%
Horizon Youngstown State
43%
Big West Cal Poly
42%
Southland Central Arkansas
42%
Big West CSU Fullerton
42%
Atlantic Sun Kennesaw State
42%
Metro Atlantic Athletic Niagara
42%
West Coast Santa Clara
42%
Missouri Valley Evansville
41%
Ohio Valley Murray State
41%
Atlantic Sun North Florida
41%
West Coast Pacific
41%
Southwestern Athletic AR Pine Bluff
40%
America East Binghamton
40%
Colonial Drexel
40%
Patriot Lehigh
40%
Mid-Eastern Norfolk State
40%
Southern Western Carolina
40%
Colonial William & Mary
40%
Metro Atlantic Athletic Iona
39%
America East Mass-Lowell
39%
America East NJIT
39%
Western Athletic Utah Valley
39%
Atlantic 10 Fordham
38%
Southwestern Athletic Grambling State
38%
America East Hartford
38%
Metro Atlantic Athletic Manhattan
38%
Atlantic 10 St. Bonaventure
38%
Ohio Valley Belmont
37%
Southern Citadel
37%
Patriot Holy Cross
37%
Summit Nebraska Omaha
37%
Atlantic Sun Stetson
37%
Patriot Bucknell
36%
Southern East Tennessee State
36%
Southern Furman
36%
Southern Mercer
36%
Ohio Valley Southeast Missouri State
36%
America East Stony Brook
36%
Colonial Elon
35%
Missouri Valley Valparaiso
35%
Southern Wofford
35%
Missouri Valley Bradley
34%
Northeast Bryant
34%
Big South Charleston South
34%
Big West CSU Northridge
34%
Horizon Wright State
34%
Southland Abilene Christian
33%
Big South High Point
33%
Atlantic 10 La Salle
33%
Mid-Eastern North Carolina A&T
33%
Metro Atlantic Athletic Quinnipiac
33%
Southern Samford
33%
Northeast St. Francis (NY)
33%
Northeast St. Francis (PA)
33%
Colonial Towson
33%
Southern Virginia Military
33%
Southwestern Athletic Alcorn State
32%
Metro Atlantic Athletic Marist
32%
Southwestern Athletic Mississippi Valley State
32%
Metro Atlantic Athletic Monmouth
32%
Ohio Valley Morehead State
32%
Southland Northwestern State
32%
Horizon Robert Morris
32%
Metro Atlantic Athletic Siena
32%
Ohio Valley Austin Peay
31%
Big South Campbell
31%
Metro Atlantic Athletic Fairfield
31%
Big South Hampton
31%
Colonial Hofstra
31%
Atlantic Sun Lipscomb
31%
Mid-Eastern Maryland Eastern Shore
31%
Northeast Mount St. Mary's
31%
Colonial NC Wilmington
31%
Northeast Central Connecticut State
30%
Southland McNeese State
30%
Big South South Carolina Upstate
30%
Western Athletic UT Rio Grande Valley
30%
Mid-Eastern Bethune-Cookman
29%
Metro Atlantic Athletic Canisius
29%
Northeast Fairleigh Dickinson
29%
Southland Lamar
29%
Big South Longwood
29%
Big South NC Asheville
29%
Big South Radford
29%
Horizon UIC
29%
Atlantic Sun Bellarmine
28%
Western Athletic Dixie State
28%
Big South Gardner-Webb
28%
Northeast Merrimack
28%
Metro Atlantic Athletic Rider
28%
Northeast Wagner
28%
Southland Houston Baptist
27%
Southland Nicholls
27%
Mid-Eastern North Carolina Central
27%
Big South Presbyterian
27%
Northeast Sacred Heart
27%
Big South Winthrop
27%
Mid-Eastern Coppin State
26%
Southland Incarnate Word
26%
Southwestern Athletic Prairie View A&M
26%
Western Athletic Tarleton
26%
Mid-Eastern Morgan State
25%
Western Athletic California Baptist
24%
Southland Southeastern Louisiana
23%
Ohio Valley SIU Edwardsville
21%
Horizon IPFW
18%
Northeast LIU Brooklyn
18%
Ohio Valley Tenn-Martin
11%
No matching quizzes found
Score Distribution
Percent of People with Each Score
Percentile by Number Answered
Your Score History
You have not taken this quiz